Central Library OPAC University of Rajshahi

Textbook of healthful living (Record no. 12864)

MARC details
000 -LEADER
fixed length control field 00896cam a22002771 4500
001 - CONTROL NUMBER
control field 12864
003 - CONTROL NUMBER IDENTIFIER
rucl marc code BD-RjUL
005 - DATE AND TIME OF LATEST TRANSACTION
control field 20211208235352.0
008 - FIXED-LENGTH DATA ELEMENTS--GENERAL INFORMATION
fixed length control field 140129s1960 nyua b 000 0 eng
035 ## - SYSTEM CONTROL NUMBER
System control number (BD-RjUL)12914
System control number (OCoLC)1664892
040 ## - CATALOGING SOURCE
Original cataloging agency DLC
Transcribing agency FM
Modifying agency OCoLC
-- NBrockU
-- Uk
-- DLC
-- BD-RjUL
Language of cataloging eng
041 ## - LANGUAGE CODE
Language code of text/sound track or separate title eng
082 00 - DEWEY DECIMAL CLASSIFICATION NUMBER
Classification number 613
Author mark and year DIT 1960
100 1# - MAIN ENTRY--PERSONAL NAME
Personal name Diehl, Harold S.
Fuller form of name (Harold Sheely),
Dates associated with a name 1891-1973.
9 (RLIN) 40083
245 10 - TITLE STATEMENT
Title Textbook of healthful living
Statement of responsibility, etc. Harold S. Diehl; with the assistance of Stewart Craig Thomson.
250 ## - EDITION STATEMENT
Edition statement 6th ed.
260 ## - PUBLICATION, DISTRIBUTION, ETC. (IMPRINT)
Place of publication, distribution, etc. New York :
Name of publisher, distributor, etc. McGraw-Hill,
Date of publication, distribution, etc. c1960.
300 ## - PHYSICAL DESCRIPTION
Pagination 484 p. :
Illustrations illus. ;
Size 26 cm.
500 ## - GENERAL NOTE
General note A textbook ed. of the author's Healthful living, which was first published in 1935.
504 ## - BIBLIOGRAPHY, ETC. NOTE
Bibliography, etc Includes bibliography.
650 #0 - SUBJECT ADDED ENTRY--TOPICAL TERM
Topical term or geographic name as entry element Health.
9 (RLIN) 40084
942 ## - ADDED ENTRY ELEMENTS (KOHA)
Source of classification or shelving scheme Dewey Decimal Classification
Koha item type Books
Holdings
Lost status Source of classification or shelving scheme Damaged status Not for loan Permanent Location Current Location Shelving location Date acquired Source of acquisition Cost, normal purchase price Total Checkouts Full call number Date last seen Copy number Koha item type Collection code
  Dewey Decimal Classification     Central Library, University of Rajshahi Central Library, University of Rajshahi   10/04/1967 U. S. A . 0.00   613 DIT 1960 29/01/2014 C-3 Books  
  Dewey Decimal Classification     Central Library, University of Rajshahi Central Library, University of Rajshahi   10/04/1967 U.S.A     613 DIT 1960 01/02/2014 C-4 Books Non-fiction
  Dewey Decimal Classification   Not For Loan Central Library, University of Rajshahi Central Library, University of Rajshahi Reading Room 10/04/1967 U.S.A     613 DIT 1960 31/05/2017 C-1 Books Non-fiction
  Dewey Decimal Classification     Central Library, University of Rajshahi Central Library, University of Rajshahi   10/04/1967 U.S.A     613 DIT 1960 05/06/2017 C-2 Books Non-fiction